[Event "Ct. Catalunya eq DH"]
[Site "?"]
[Date "2013.04.06"]
[Round "10.10"]
[White "Lorente Muñoz, R."]
[Black "Onna Amargant, J."]
[Result "1/2-1/2"]
[WhiteElo "2052"]
[BlackElo "2105"]
[PlyCount "23"]
[EventDate "2013.??.??"]
[EventType "tourn"]
[EventRounds "11"]

1. d4 e6 2. Nf3 d5 3. c4 c6 4. Nc3 dxc4 5. a4 Bb4 6. Ne5 c5 7. e3 Nf6 8. Bxc4
Nbd7 9. Nxd7 Bxd7 10. O-O Bc6 11. Bb3 Qd7 12. dxc5 1/2-1/2

[Event "Ct. Catalunya eq DH"]
[Site "?"]
[Date "2013.04.06"]
[Round "10.10"]
[White "Masip Tresserra, O."]
[Black "Diaz Camallonga, C."]
[Result "1-0"]
[WhiteElo "2174"]
[BlackElo "2286"]
[PlyCount "45"]
[EventDate "2013.??.??"]
[EventType "tourn"]
[EventRounds "11"]

1. e4 e6 2. d4 d5 3. Nc3 Bb4 4. e5 c5 5. Bd2 Ne7 6. a3 Bxc3 7. Bxc3 b6 8. Bb5+
Bd7 9. Bd3 Nbc6 10. Nf3 Qc7 11. O-O Ng6 12. Re1 c4 13. Bf1 O-O 14. Ng5 f6 15.
Nxh7 Kxh7 16. Qh5+ Kg8 17. Qxg6 fxe5 18. dxe5 Rf5 19. Re3 d4 20. Rg3 Bc8 21.
Bxc4 dxc3 22. Qxf5 Nd4 23. Qg6 1-0

[Event "Ct. Catalunya eq DH"]
[Site "?"]
[Date "2013.04.06"]
[Round "10.10"]
[White "Mestre Bellido, H."]
[Black "Pozanco Romasanta, M."]
[Result "1-0"]
[WhiteElo "2357"]
[BlackElo "2188"]
[PlyCount "79"]
[EventDate "2013.??.??"]
[EventType "tourn"]
[EventRounds "11"]

1. e4 d6 2. d4 g6 3. Be3 Bg7 4. Nc3 a6 5. Qd2 b5 6. a4 b4 7. Nd5 a5 8. f3 c6 9.
Nf4 Nd7 10. Nge2 Ngf6 11. g4 e5 12. Nd3 Ba6 13. dxe5 Nxe5 14. Nxe5 dxe5 15.
Qxd8+ Kxd8 16. Nc1 Bxf1 17. Rxf1 Kc7 18. Nb3 Rhd8 19. Ke2 Nd7 20. Rfd1 Bf8 21.
Rd3 Be7 22. Nd2 f6 23. Nc4 Rdb8 24. Rad1 Nf8 25. Bh6 Rd8 26. Rxd8 Rxd8 27. Rxd8
Kxd8 28. Nxa5 Kc7 29. Bxf8 Bxf8 30. Kd3 Kb6 31. Nb3 Ka6 32. Kc4 Kb6 33. Nc1 Ka5
34. b3 Bd6 35. Nd3 Be7 36. g5 fxg5 37. Nxe5 Bd6 38. Nxc6+ Kb6 39. e5 Bc7 40.
Kd5 1-0

[Event "Ct. Catalunya eq DH"]
[Site "?"]
[Date "2013.04.06"]
[Round "10.10"]
[White "Moravich Casals, JS."]
[Black "Travesset Ribera, D."]
[Result "1-0"]
[WhiteElo "2129"]
[BlackElo "2238"]
[PlyCount "51"]
[EventDate "2013.??.??"]
[EventType "tourn"]
[EventRounds "11"]

1. e4 c5 2. Nf3 Nc6 3. d4 cxd4 4. Nxd4 d5 5. Nxc6 bxc6 6. Nc3 d4 7. Bc4 e5 8.
Ne2 Nf6 9. O-O Be7 10. f4 O-O 11. fxe5 Ng4 12. e6 Bc5 13. exf7+ Kh8 14. Bd3 Qh4
15. h3 Ne3 16. Bxe3 dxe3 17. Qe1 Qe7 18. Qc3 Be6 19. Bc4 Bb6 20. Qe5 Rxf7 21.
Qxe6 Rxf1+ 22. Rxf1 Qg5 23. Qf5 Qe7 24. e5 Rd8 25. Bd3 g6 26. Qf6+ 1-0

[Event "Ct. Catalunya eq DH"]
[Site "?"]
[Date "2013.04.06"]
[Round "10.10"]
[White "Perez Ruiz, S."]
[Black "Rafiee, M."]
[Result "0-1"]
[WhiteElo "2010"]
[BlackElo "2148"]
[PlyCount "72"]
[EventDate "2013.??.??"]
[EventType "tourn"]
[EventRounds "11"]

1. d4 Nf6 2. c4 c5 3. d5 e6 4. Nc3 exd5 5. cxd5 d6 6. Nf3 g6 7. Bg5 Bg7 8. Nd2
h6 9. Bh4 O-O 10. Nc4 Re8 11. Qd2 b6 12. Bg3 Ne4 13. Nxe4 Rxe4 14. e3 Ba6 15.
Nxd6 Bxf1 16. Rxf1 Rb4 17. Rb1 Qe7 18. b3 Rd4 19. Qc2 Rxd5 20. Rd1 Rxd1+ 21.
Qxd1 Na6 22. Ke2 Rd8 23. Qd2 Be5 24. Bxe5 Qxe5 25. Rd1 Nc7 26. Ke1 Qxh2 27. g3
Qh1+ 28. Ke2 Qc6 29. e4 Nb5 30. e5 Nd4+ 31. Kd3 Nf3 32. Qxh6 Nxe5+ 33. Kc2 Rxd6
34. Rh1 Qe4+ 35. Kb2 Nd3+ 36. Kc3 Qd4+ 0-1

[Event "Ct. Catalunya eq DH"]
[Site "?"]
[Date "2013.04.13"]
[Round "11.1"]
[White "Alonso Garcia, R."]
[Black "Peralta, F."]
[Result "0-1"]
[WhiteElo "2447"]
[BlackElo "2611"]
[PlyCount "44"]
[EventDate "2013.??.??"]
[EventType "tourn"]
[EventRounds "11"]

1. e4 c6 2. d4 d5 3. Nc3 dxe4 4. Nxe4 Bf5 5. Ng3 Bg6 6. h4 h6 7. Nf3 Nd7 8. h5
Bh7 9. Bd3 Bxd3 10. Qxd3 e6 11. Bd2 Ngf6 12. O-O-O Be7 13. Kb1 Qb6 14. Ne4 Rd8
15. Nxf6+ Nxf6 16. Qb3 Qxb3 17. axb3 Rd5 18. c4 Rxh5 19. Rhe1 Ng4 20. Re2 O-O
21. Kc2 Rd8 22. Re4 Nxf2 0-1

[Event "Ct. Catalunya eq DH"]
[Site "?"]
[Date "2013.04.13"]
[Round "11.1"]
[White "Alsina Leal, D."]
[Black "Cuartas Medina, JA."]
[Result "1-0"]
[WhiteElo "2522"]
[BlackElo "2555"]
[PlyCount "93"]
[EventDate "2013.??.??"]
[EventType "tourn"]
[EventRounds "11"]

1. e4 c6 2. d4 d5 3. Nc3 dxe4 4. Nxe4 Bf5 5. Ng3 Bg6 6. h4 h6 7. Nf3 Nd7 8. h5
Bh7 9. Bd3 Bxd3 10. Qxd3 e6 11. Bd2 Ngf6 12. O-O-O Be7 13. Kb1 O-O 14. Ne4 Nxe4
15. Qxe4 Nf6 16. Qe2 Qd5 17. Be3 b5 18. Ne5 Bd6 19. Nd3 Rfe8 20. f4 Ne4 21. Qf3
a5 22. Nf2 Nxf2 23. Qxf2 a4 24. g4 b4 25. g5 b3 26. gxh6 gxh6 27. f5 exf5 28.
Bxh6 Kh7 29. Bc1 f4 30. Rhf1 Qc4 31. Rd3 Re6 32. Rc3 bxa2+ 33. Ka1 Qd5 34. Bxf4
a3 35. Bc1 axb2+ 36. Bxb2 f5 37. Rxc6 Bg3 38. Qxg3 Rxc6 39. c4 Qxc4 40. Re1 Qf7
41. d5 Rb6 42. Qe5 Rab8 43. Re2 Rg8 44. Qd4 Rb5 45. Rd2 Rxd5 46. Qxd5 Rg1+ 47.
Kxa2 1-0

[Event "Ct. Catalunya eq DH"]
[Site "?"]
[Date "2013.04.13"]
[Round "11.1"]
[White "Jerez Perez, A."]
[Black "De la Riva Aguado, O."]
[Result "1/2-1/2"]
[WhiteElo "2410"]
[BlackElo "2522"]
[PlyCount "24"]
[EventDate "2013.??.??"]
[EventType "tourn"]
[EventRounds "11"]

1. e4 c5 2. Nf3 Nc6 3. c3 Nf6 4. e5 Nd5 5. Bc4 e6 6. d4 cxd4 7. cxd4 d6 8. O-O
Be7 9. Qe2 O-O 10. Qe4 Bd7 11. Nbd2 Rc8 12. a3 Qb6 1/2-1/2

[Event "Ct. Catalunya eq DH"]
[Site "?"]
[Date "2013.04.13"]
[Round "11.2"]
[White "Gonzalez Perez, A."]
[Black "Lorenzo de la Riva, L."]
[Result "1/2-1/2"]
[WhiteElo "2491"]
[BlackElo "2513"]
[PlyCount "75"]
[EventDate "2013.??.??"]
[EventType "tourn"]
[EventRounds "11"]

1. d4 d5 2. c4 c6 3. Nc3 Nf6 4. Nf3 e6 5. Bg5 dxc4 6. e4 b5 7. e5 h6 8. Bh4 g5
9. Nxg5 hxg5 10. Bxg5 Nbd7 11. exf6 Bb7 12. g3 c5 13. d5 Qb6 14. Bg2 O-O-O 15.
O-O b4 16. Rb1 Qa6 17. dxe6 Bxg2 18. e7 Bxf1 19. Qd5 Bxe7 20. fxe7 Bd3 21. Ne4
Bxb1 22. Nd6+ Kc7 23. Bf4 Kb6 24. Nxc4+ Kb5 25. Nd6+ Kb6 26. a4 bxa3 27. Qb3+
Kc6 28. Qf3+ Kb6 29. Qb3+ Kc6 30. Nxf7 Rc8 31. Qe6+ Kb5 32. Nd6+ Qxd6 33. Qxd6
a2 34. Qxd7+ Rc6 35. Qb7+ Rb6 36. Qxa7 Ra6 37. Qb7+ Rb6 38. Qa7 1/2-1/2

[Event "Ct. Catalunya eq DH"]
[Site "?"]
[Date "2013.04.13"]
[Round "11.2"]
[White "Magem Badals, J."]
[Black "Lacasa Diaz, JA."]
[Result "1/2-1/2"]
[WhiteElo "2571"]
[BlackElo "2451"]
[PlyCount "45"]
[EventDate "2013.??.??"]
[EventType "tourn"]
[EventRounds "11"]

1. e4 c5 2. Nf3 d6 3. d4 Nf6 4. Bb5+ Bd7 5. Bxd7+ Qxd7 6. dxc5 Nxe4 7. cxd6
Nxd6 8. O-O Nc6 9. Bf4 f6 10. Bxd6 O-O-O 11. Nc3 Qxd6 12. Qe2 e5 13. Rfd1 Qe6
14. Rxd8+ Kxd8 15. Rd1+ Kc8 16. Nd4 Nxd4 17. Rxd4 Be7 18. Nd5 Kb8 19. Nxe7 Qxe7
20. Rd5 Rd8 21. Qd3 Rxd5 22. Qxd5 g6 23. g3 1/2-1/2

[Event "Ct. Catalunya eq DH"]
[Site "?"]
[Date "2013.04.13"]
[Round "11.2"]
[White "Perez Mitjans, O."]
[Black "Fluvia Poyatos, Jordi"]
[Result "1-0"]
[WhiteElo "2553"]
[BlackElo "2500"]
[PlyCount "95"]
[EventDate "2013.??.??"]
[EventType "tourn"]
[EventRounds "11"]

1. e4 d6 2. d4 Nf6 3. f3 d5 4. e5 Ng8 5. Nc3 Bf5 6. Be3 e6 7. Nge2 Nd7 8. Nf4
h6 9. Bd3 Ne7 10. Qe2 a6 11. Bf2 Rc8 12. g4 Bxd3 13. Nxd3 c5 14. dxc5 Ng6 15.
O-O-O Ndxe5 16. Nxe5 Qg5+ 17. Be3 Qxe5 18. Qf2 Be7 19. f4 Qf6 20. h4 h5 21. f5
Nxh4 22. g5 Qxf5 23. Qxh4 Bxc5 24. Bxc5 Rxc5 25. Kb1 Rc4 26. Qg3 Qf4 27. Qe1
O-O 28. Rxh5 g6 29. Rh3 Qxg5 30. Qf2 Rf4 31. Qh2 Qf6 32. Rh8+ Qxh8 33. Qxf4 f5
34. Qd6 Qf6 35. Re1 Rd8 36. Qb6 d4 37. Na4 Re8 38. Nc5 f4 39. Qxb7 Qe7 40. Qe4
Qf6 41. Nd7 Qg7 42. Qc6 Re7 43. Qa8+ Kf7 44. Ne5+ Kf6 45. Qe4 g5 46. Qxd4 Kf5
47. Qe4+ Kf6 48. Rh1 1-0

[Event "Ct. Catalunya eq DH"]
[Site "?"]
[Date "2013.04.13"]
[Round "11.2"]
[White "Prie, E."]
[Black "Torrecillas Martinez, A."]
[Result "1-0"]
[WhiteElo "2516"]
[BlackElo "2407"]
[PlyCount "89"]
[EventDate "2013.??.??"]
[EventType "tourn"]
[EventRounds "11"]

1. d4 Nf6 2. Nc3 d5 3. Bf4 g6 4. e3 Bg7 5. Be2 O-O 6. Nf3 c5 7. O-O cxd4 8.
exd4 Nc6 9. Ne5 Qb6 10. Nxc6 Qxc6 11. Bb5 Qb6 12. a4 Qa5 13. Qd2 a6 14. Be2 Be6
15. Ne4 Qxd2 16. Nxd2 Rfc8 17. c3 b6 18. h3 Bd7 19. g4 Bc6 20. Rfe1 Nd7 21. Bd3
e6 22. Bg3 b5 23. a5 b4 24. Bd6 bxc3 25. bxc3 Bb5 26. Bxb5 axb5 27. Ra3 Rc6 28.
Bb4 e5 29. Nf3 exd4 30. Nxd4 Bxd4 31. cxd4 Rc4 32. Rb3 Rxd4 33. Re7 Nf6 34. Rb7
h5 35. Rxb5 hxg4 36. Bc3 Rd1+ 37. Kh2 g3+ 38. fxg3 d4 39. Rb8+ Rxb8 40. Rxb8+
Kh7 41. Rd8 Ne4 42. Rxd4 Rxd4 43. Bxd4 Nd6 44. a6 Nb5 45. Bb6 1-0

[Event "Ct. Catalunya eq DH"]
[Site "?"]
[Date "2013.04.13"]
[Round "11.2"]
[White "Rizouk, A."]
[Black "Moskalenko, V."]
[Result "1/2-1/2"]
[WhiteElo "2520"]
[BlackElo "2568"]
[PlyCount "37"]
[EventDate "2013.??.??"]
[EventType "tourn"]
[EventRounds "11"]

1. e4 d6 2. d4 Nf6 3. Nc3 g6 4. Be3 c6 5. h3 Bg7 6. Nf3 O-O 7. Bd3 Nbd7 8. Qd2
e5 9. dxe5 Nxe5 10. Nxe5 dxe5 11. a4 Be6 12. a5 Nd7 13. Na4 f5 14. Qb4 f4 15.
Bd2 Rb8 16. Nc5 Nxc5 17. Qxc5 a6 18. Bc4 Qf6 19. Bc3 1/2-1/2

[Event "Ct. Catalunya eq DH"]
[Site "?"]
[Date "2013.04.13"]
[Round "11.3"]
[White "Cruz Sanchez, C."]
[Black "Alonso Moyano, J."]
[Result "1-0"]
[WhiteElo "2547"]
[BlackElo "2480"]
[PlyCount "79"]
[EventDate "2013.??.??"]
[EventType "tourn"]
[EventRounds "11"]

1. c4 e5 2. g3 Nc6 3. Bg2 f5 4. d3 Nf6 5. Nc3 Be7 6. e3 O-O 7. Nge2 Qe8 8. Nd5
Bd8 9. Nec3 Ne7 10. Nxf6+ Rxf6 11. d4 d6 12. O-O c6 13. c5 Bc7 14. cxd6 Bxd6
15. dxe5 Bxe5 16. f4 Bxc3 17. bxc3 Be6 18. e4 fxe4 19. Bxe4 Bd5 20. Re1 Re6 21.
Bd3 Nf5 22. Bd2 Nd6 23. Qc2 c5 24. c4 Bc6 25. Bxh7+ Kh8 26. Bc3 Ne4 27. Bf5 Re7
28. Be5 Ng5 29. Bg4 Nf3+ 30. Bxf3 Bxf3 31. Re3 Bc6 32. Qe2 Kg8 33. Rf1 Qd7 34.
f5 Rae8 35. f6 gxf6 36. Bxf6 Rxe3 37. Qh5 Bf3 38. Qg6+ Kf8 39. Bg5 Qd1 40. Qf6+
1-0

[Event "Ct. Catalunya eq DH"]
[Site "?"]
[Date "2013.04.13"]
[Round "11.3"]
[White "Delorme, Axel"]
[Black "Herraiz Hidalgo, H."]
[Result "1/2-1/2"]
[WhiteElo "2471"]
[BlackElo "2499"]
[PlyCount "66"]
[EventDate "2013.??.??"]
[EventType "tourn"]
[EventRounds "11"]

1. d4 Nf6 2. c4 g6 3. Nf3 Bg7 4. g3 c5 5. d5 d6 6. Nc3 O-O 7. Bg2 e6 8. O-O
exd5 9. cxd5 Na6 10. h3 Re8 11. Nd2 Nc7 12. Nc4 b5 13. Nxd6 Qxd6 14. Bf4 Qd7
15. d6 Ne6 16. Bxa8 Nxf4 17. gxf4 b4 18. Na4 Qxh3 19. Bg2 Qh4 20. Qd3 Qxf4 21.
Rad1 Ng4 22. Qg3 Qxg3 23. fxg3 Bd4+ 24. Rxd4 cxd4 25. Rf4 Rxe2 26. Rxd4 Re1+
27. Bf1 Rc1 28. Rxb4 Ne3 29. Rf4 Rd1 30. Nc3 Rxd6 31. Be2 Be6 32. Kf2 Nd5 33.
Ra4 Nxc3 1/2-1/2

[Event "Ct. Catalunya eq DH"]
[Site "?"]
[Date "2013.04.13"]
[Round "11.3"]
[White "Fernandez Aguado, E."]
[Black "Rojas Keim, LA."]
[Result "1-0"]
[WhiteElo "2419"]
[BlackElo "2456"]
[PlyCount "83"]
[EventDate "2013.??.??"]
[EventType "tourn"]
[EventRounds "11"]

1. d4 Nf6 2. c4 e6 3. Nc3 Bb4 4. e3 c5 5. Nf3 Nc6 6. Bd3 Bxc3+ 7. bxc3 d6 8.
O-O e5 9. Ng5 Qa5 10. Qe1 h6 11. Ne4 Nxe4 12. Bxe4 Qa4 13. f4 Qxc4 14. fxe5
dxe5 15. Ba3 Bd7 16. Bxc5 O-O-O 17. Qg3 f5 18. Bxc6 Bxc6 19. Qxe5 g6 20. Bxa7
Rhe8 21. Qb8+ Kd7 22. Qg3 Ra8 23. Bb6 Re6 24. Qc7+ Ke8 25. a3 Re7 26. Qf4 Qxc3
27. d5 Bxd5 28. Bd4 Qc2 29. Rf2 Qe4 30. Qxh6 Ra6 31. Rd1 Qg4 32. Qh8+ Kd7 33.
Rfd2 Re8 34. Qg7+ Re7 35. Qf8 Re8 36. Qc5 Rd6 37. Bc3 Rc8 38. Qb5+ Ke6 39. Rxd5
Qxd1+ 40. Rxd1 Rxd1+ 41. Kf2 Rxc3 42. Qe8+ 1-0

[Event "Ct. Catalunya eq DH"]
[Site "?"]
[Date "2013.04.13"]
[Round "11.3"]
[White "Granados Gomez, M."]
[Black "Pham Guerrero, S."]
[Result "1/2-1/2"]
[WhiteElo "2386"]
[BlackElo "2187"]
[PlyCount "40"]
[EventDate "2013.??.??"]
[EventType "tourn"]
[EventRounds "11"]

1. c4 Nf6 2. Nc3 g6 3. g3 Bg7 4. Bg2 O-O 5. d3 d6 6. Nf3 Nc6 7. O-O e5 8. Bg5
h6 9. Bxf6 Qxf6 10. Nd2 Qd8 11. Rb1 a5 12. a3 f5 13. Nd5 Nd4 14. e3 Ne6 15. b4
c6 16. Nc3 axb4 17. axb4 e4 18. Qc2 d5 19. cxd5 cxd5 20. Qb3 d4 1/2-1/2

[Event "Ct. Catalunya eq DH"]
[Site "?"]
[Date "2013.04.13"]
[Round "11.3"]
[White "Lillo Castany, V."]
[Black "Baron Isanta, JM."]
[Result "1-0"]
[WhiteElo "2359"]
[BlackElo "2414"]
[PlyCount "63"]
[EventDate "2013.??.??"]
[EventType "tourn"]
[EventRounds "11"]

1. e4 c6 2. Nc3 d5 3. Nf3 dxe4 4. Nxe4 Nd7 5. Bc4 Ngf6 6. Neg5 Nd5 7. O-O h6 8.
Ne4 N7f6 9. Bb3 Bf5 10. Ng3 Bh7 11. Ne5 e6 12. d4 Nd7 13. f4 Qc7 14. c4 N5f6
15. Qe2 Be7 16. f5 exf5 17. Bf4 Qd8 18. Rae1 Nb6 19. Be3 Qc8 20. Bxh6 O-O 21.
Bg5 Re8 22. Bc2 g6 23. Kh1 Kg7 24. Bxf5 Qd8 25. Bc2 Bg8 26. Qf3 Nh7 27. Bxe7
Qxe7 28. Re2 Qh4 29. Re4 Qh6 30. Nxf7 Qd2 31. Rh4 Rf8 32. Rxh7+ 1-0

[Event "Ct. Catalunya eq DH"]
[Site "?"]
[Date "2013.04.13"]
[Round "11.3"]
[White "Rodriguez Cespedes, A."]
[Black "Dominguez Pons, E."]
[Result "1/2-1/2"]
[WhiteElo "2472"]
[BlackElo "2371"]
[PlyCount "39"]
[EventDate "2013.??.??"]
[EventType "tourn"]
[EventRounds "11"]

1. e4 c5 2. Nf3 d6 3. Bc4 e6 4. c3 Nf6 5. d3 Be7 6. Bb3 O-O 7. O-O b5 8. Re1
Bb7 9. Nbd2 Nc6 10. Nf1 Ne5 11. Bc2 Rc8 12. Ng3 Qc7 13. Bf4 Ng6 14. Bg5 h6 15.
Be3 Ng4 16. Bd2 d5 17. h3 dxe4 18. dxe4 N4e5 19. Nxe5 Qxe5 20. Qe2 1/2-1/2

[Event "Ct. Catalunya eq DH"]
[Site "?"]
[Date "2013.04.13"]
[Round "11.4"]
[White "Castelltort Fernandez, A."]
[Black "Panelo Muñoz, MA."]
[Result "1/2-1/2"]
[WhiteElo "2348"]
[BlackElo "2468"]
[PlyCount "99"]
[EventDate "2013.??.??"]
[EventType "tourn"]
[EventRounds "11"]

1. e4 e5 2. Nf3 Nc6 3. Nc3 Nf6 4. d4 exd4 5. Nxd4 Bb4 6. Nxc6 bxc6 7. Bd3 d5 8.
exd5 cxd5 9. O-O O-O 10. Bg5 c6 11. Qf3 Bd6 12. Bxf6 Qxf6 13. Qxf6 gxf6 14. Ne2
Be5 15. Rab1 Rb8 16. b3 Be6 17. f4 Bd6 18. Ng3 Rfe8 19. Nh5 Bc5+ 20. Kh1 Bd4
21. f5 Bd7 22. c4 Re3 23. Rbd1 Be5 24. Rfe1 Rxe1+ 25. Rxe1 Kf8 26. Ng3 a5 27.
Rd1 Re8 28. Bb1 Bc3 29. Kg1 Re5 30. Kf2 Ke7 31. Bd3 Bb4 32. Kf1 h6 33. Kf2 Bd6
34. Re1 Rxe1 35. Kxe1 Bxg3+ 36. hxg3 dxc4 37. bxc4 Kd6 38. Kd2 Ke5 39. Ke3 c5
40. g4 Bc6 41. g3 Ba4 42. Be2 Bc2 43. a3 Bb1 44. Bf3 Ba2 45. Kd3 Bb3 46. Kc3
Ba4 47. Kd3 Kd6 48. Kc3 Bd7 49. Kd3 Ke5 50. Ke3 1/2-1/2

[Event "Ct. Catalunya eq DH"]
[Site "?"]
[Date "2013.04.13"]
[Round "11.4"]
[White "Gallego Martinez, R."]
[Black "Sanchez Ibern, M."]
[Result "0-1"]
[WhiteElo "2247"]
[BlackElo "2356"]
[PlyCount "46"]
[EventDate "2013.??.??"]
[EventType "tourn"]
[EventRounds "11"]

1. e4 c5 2. Nf3 Nc6 3. d4 cxd4 4. Nxd4 Nf6 5. Nc3 d6 6. Bc4 e6 7. Be3 Be7 8.
Qe2 Bd7 9. O-O-O Rc8 10. Ndb5 Qa5 11. Nxd6+ Bxd6 12. Rxd6 Ne5 13. Bb3 Rxc3 14.
Bd2 Qc5 15. Bxc3 Qxd6 16. f4 Nc6 17. e5 Qc7 18. exf6 Qxf4+ 19. Kb1 gxf6 20. g3
Qg5 21. h4 Qxg3 22. Bxf6 Rg8 23. c3 Qg6+ 0-1

[Event "Ct. Catalunya eq DH"]
[Site "?"]
[Date "2013.04.13"]
[Round "11.4"]
[White "Hernando Rodrigo, J."]
[Black "Pijuan Herranz, M."]
[Result "1/2-1/2"]
[WhiteElo "2380"]
[BlackElo "2327"]
[PlyCount "36"]
[EventDate "2013.??.??"]
[EventType "tourn"]
[EventRounds "11"]

1. d4 d5 2. c4 e6 3. Nf3 Nf6 4. g3 dxc4 5. Bg2 Nc6 6. O-O Rb8 7. Nc3 a6 8. e4
Be7 9. d5 exd5 10. e5 Ne4 11. Nxd5 Be6 12. Nxe7 Qxd1 13. Rxd1 Kxe7 14. Be3 h6
15. Nd4 Nxd4 16. Bxd4 f5 17. f3 Ng5 18. h4 Nh7 1/2-1/2

[Event "Ct. Catalunya eq DH"]
[Site "?"]
[Date "2013.04.13"]
[Round "11.4"]
[White "Perpinya Rofes, LM."]
[Black "Ayas Fernandez, A."]
[Result "1/2-1/2"]
[WhiteElo "2356"]
[BlackElo "2439"]
[PlyCount "79"]
[EventDate "2013.??.??"]
[EventType "tourn"]
[EventRounds "11"]

1. e4 e6 2. d4 d5 3. Nc3 Bb4 4. e5 c5 5. dxc5 Nc6 6. Nf3 Nge7 7. Bd3 d4 8. a3
dxc3 9. axb4 cxb2 10. Bxb2 Nxb4 11. Bb5+ Bd7 12. Bxd7+ Qxd7 13. Qxd7+ Kxd7 14.
O-O-O+ Kc7 15. Rd4 Nbc6 16. Rf4 Raf8 17. Ng5 h6 18. Nxf7 Nd5 19. Rf3 Rhg8 20.
h4 Nd8 21. Nxd8 Kxd8 22. Rd3 Kc7 23. f3 Rf4 24. Bd4 Nb4 25. Rd2 Rd8 26. Be3 Rc4
27. Rxd8 Rxc2+ 28. Kb1 Kxd8 29. Rd1+ Kc7 30. Rd4 Re2 31. Rxb4 Rxe3 32. Rg4 Rxe5
33. Rxg7+ Kc6 34. g4 Rxc5 35. Rg6 Kd5 36. Rxh6 b5 37. Rh5+ e5 38. f4 Ke4 39.
Rf5 Rd5 40. Rxe5+ 1/2-1/2

[Event "Ct. Catalunya eq DH"]
[Site "?"]
[Date "2013.04.13"]
[Round "11.5"]
[White "Almeida Toledano, D."]
[Black "Jose Queralto, D."]
[Result "1/2-1/2"]
[WhiteElo "2326"]
[BlackElo "2210"]
[PlyCount "32"]
[EventDate "2013.??.??"]
[EventType "tourn"]
[EventRounds "11"]

1. e4 e5 2. Nf3 Nf6 3. d4 Nxe4 4. Bd3 Nc6 5. dxe5 d5 6. exd6 Nxd6 7. Bf4 Be7 8.
Nc3 Nb4 9. Be2 O-O 10. a3 Nc6 11. Nd5 Re8 12. O-O Bf8 13. c4 Be6 14. Re1 Bxd5
15. Qxd5 Qf6 16. Bxd6 Bxd6 1/2-1/2

[Event "Ct. Catalunya eq DH"]
[Site "?"]
[Date "2013.04.13"]
[Round "11.5"]
[White "Asis Gargatagli, H."]
[Black "Vidarte Morales, A."]
[Result "1-0"]
[WhiteElo "2513"]
[BlackElo "2412"]
[PlyCount "75"]
[EventDate "2013.??.??"]
[EventType "tourn"]
[EventRounds "11"]

1. e4 c5 2. Nf3 d6 3. d4 cxd4 4. Nxd4 Nf6 5. Nc3 Nc6 6. f3 e6 7. Be3 a6 8. Qd2
Be7 9. O-O-O Nxd4 10. Qxd4 O-O 11. e5 dxe5 12. Qxe5 Bd7 13. Bd4 Bc6 14. Bd3 Qb8
15. Qe3 Rd8 16. Kb1 b5 17. Be5 Qa7 18. Qg5 Ne8 19. Qg3 Bf6 20. Bxf6 Nxf6 21.
Qh4 h6 22. Rhg1 Qc5 23. g4 Qg5 24. Qg3 b4 25. Ne4 Nxe4 26. fxe4 Bb5 27. h4 Qc5
28. g5 hxg5 29. hxg5 Bxd3 30. cxd3 b3 31. axb3 Qd6 32. e5 Qd5 33. g6 Ra7 34.
Qh4 fxg6 35. Rh1 Re8 36. Qh8+ Kf7 37. Rhf1+ Ke7 38. Qxg7+ 1-0

[Event "Ct. Catalunya eq DH"]
[Site "?"]
[Date "2013.04.13"]
[Round "11.5"]
[White "Casanellas Ruano, L."]
[Black "Escandell Mari, JC."]
[Result "1/2-1/2"]
[WhiteElo "2290"]
[BlackElo "2366"]
[PlyCount "79"]
[EventDate "2013.??.??"]
[EventType "tourn"]
[EventRounds "11"]

1. d4 Nf6 2. Nf3 e6 3. c4 b6 4. g3 Bb7 5. Bg2 c5 6. O-O cxd4 7. Qxd4 Nc6 8. Qd3
Rc8 9. b3 Be7 10. Bb2 O-O 11. Nc3 d5 12. cxd5 Nb4 13. Qd2 Nfxd5 14. Rfc1 Nxc3
15. Bxc3 Qxd2 16. Nxd2 Bxg2 17. Kxg2 Rfd8 18. Nf3 Rxc3 19. Rxc3 Bf6 20. Rcc1
Bxa1 21. Rxa1 Rc8 22. Ne1 Nc2 23. Nxc2 Rxc2 24. Kf3 Kf8 25. Ke3 Ke7 26. h4 h5
27. b4 Rb2 28. a3 Rb3+ 29. Kd2 a5 30. bxa5 bxa5 31. a4 Rb4 32. Kc3 e5 33. Kd3
Ke6 34. e4 g6 35. Ke3 f5 36. f3 Kf6 37. Ra2 fxe4 38. fxe4 g5 39. Rf2+ Kg6 40.
Rf5 1/2-1/2

[Event "Ct. Catalunya eq DH"]
[Site "?"]
[Date "2013.04.13"]
[Round "11.5"]
[White "Gual Pascual, A."]
[Black "Grafl, F."]
[Result "0-1"]
[WhiteElo "2542"]
[BlackElo "2416"]
[PlyCount "56"]
[EventDate "2013.??.??"]
[EventType "tourn"]
[EventRounds "11"]

1. d4 f5 2. g3 Nf6 3. Bg2 e6 4. Nf3 Be7 5. O-O O-O 6. b3 d6 7. Bb2 Ne4 8. Nbd2
Bf6 9. Ne1 Nxd2 10. Qxd2 Nc6 11. e3 Qe8 12. Nf3 Bd7 13. d5 exd5 14. Bxf6 Rxf6
15. Ng5 Rh6 16. h4 Nd8 17. Qxd5+ Kh8 18. Rad1 Qg6 19. Qa5 b6 20. Qc3 Rc8 21.
Rfe1 c6 22. b4 Ne6 23. Nxe6 Bxe6 24. Bxc6 b5 25. a4 a6 26. axb5 axb5 27. Rd3
Qf6 28. Red1 d5 0-1

[Event "Ct. Catalunya eq DH"]
[Site "?"]
[Date "2013.04.13"]
[Round "11.6"]
[White "Baños, OF."]
[Black "Serra Pages, J."]
[Result "0-1"]
[WhiteElo "2314"]
[BlackElo "2284"]
[PlyCount "94"]
[EventDate "2013.??.??"]
[EventType "tourn"]
[EventRounds "11"]

1. d4 Nf6 2. c4 g6 3. Nc3 d5 4. Bg5 Ne4 5. Bh4 Nxc3 6. bxc3 Bg7 7. cxd5 Qxd5 8.
Nf3 c5 9. e3 cxd4 10. cxd4 Nc6 11. Be2 O-O 12. O-O Bf5 13. Nd2 e5 14. Bf3 e4
15. Be2 Rfe8 16. Qb3 Qd7 17. Bb5 Be6 18. Qa4 Bd5 19. Rfc1 a6 20. Bxc6 Bxc6 21.
Qa5 Qg4 22. Bg3 Rad8 23. Nc4 Rd5 24. Qc7 Rc8 25. Qe7 Bf8 26. Qh4 Qe6 27. Qh3
Bd7 28. Qxe6 Bxe6 29. a4 b5 30. Nb6 Rxc1+ 31. Rxc1 bxa4 32. Nxd5 Bxd5 33. Bc7
Bb4 34. Rb1 Bb3 35. d5 Kf8 36. Be5 Ke7 37. f3 f5 38. Kf2 a5 39. d6+ Bxd6 40.
Bxd6+ Kxd6 41. fxe4 fxe4 42. Ke2 Kc5 43. Kd2 Kb4 44. Ra1 a3 45. g3 a2 46. h4
Bc4 47. Kc2 Bd3+ 0-1

[Event "Ct. Catalunya eq DH"]
[Site "?"]
[Date "2013.04.13"]
[Round "11.6"]
[White "Colon Garcia, E."]
[Black "Maroto Borras, JL."]
[Result "1-0"]
[WhiteElo "2226"]
[BlackElo "2381"]
[PlyCount "61"]
[EventDate "2013.??.??"]
[EventType "tourn"]
[EventRounds "11"]

1. e4 e6 2. d4 d5 3. Nd2 dxe4 4. Nxe4 Nd7 5. Nf3 Ngf6 6. Nxf6+ Nxf6 7. Bg5 Be7
8. Bd3 b6 9. Qe2 Bb7 10. O-O-O O-O 11. h4 h6 12. c4 Qd6 13. Ne5 hxg5 14. hxg5
g6 15. gxf6 Bxf6 16. Qe3 Bg7 17. Qh3 Rfd8 18. Bxg6 fxg6 19. Qh7+ Kf8 20. Nxg6+
Kf7 21. Ne5+ Kf8 22. Qh5 Rd7 23. Nxd7+ Qxd7 24. Rh4 Qf7 25. Qe2 Qf5 26. Qe3 Ke7
27. Qg3 Kf8 28. Qxc7 Be4 29. Rdh1 Kg8 30. Qg3 Kf7 31. Rf4 1-0

[Event "Ct. Catalunya eq DH"]
[Site "?"]
[Date "2013.04.13"]
[Round "11.6"]
[White "Garcia Paolicchi, R."]
[Black "Garrido Fernandez, D."]
[Result "1/2-1/2"]
[WhiteElo "2200"]
[BlackElo "2287"]
[PlyCount "35"]
[EventDate "2013.??.??"]
[EventType "tourn"]
[EventRounds "11"]

1. d4 f5 2. c4 Nf6 3. Nf3 g6 4. g3 Bg7 5. b4 d6 6. Bb2 O-O 7. Bg2 c6 8. O-O Bd7
9. Nbd2 Na6 10. a3 h6 11. Qc2 Qe8 12. Rad1 Qf7 13. Ne1 Nc7 14. Nd3 g5 15. e3
Qh5 16. f3 Rae8 17. Rde1 Kh8 18. a4 1/2-1/2